Statistics for Daily Country Riddle #6

Click here to take the quiz!

General Stats

  • This quiz has been taken 635 times
  • The average score is 11 of 15

Answer Stats

TypeAnswer% Correct
Found LetterA
100%
Found LetterN
98%
Found LetterR
97%
Found LetterG
86%
Correctly Placed LetterA
84%
Found LetterU
77%
Found LetterY
74%
Correctly Placed LetterY
73%
Correctly Placed LetterR
68%
Correctly Placed LetterG
67%
Correctly Placed LetterN
63%
Found LetterH
61%
Correctly Placed LetterU
61%
Correctly Placed LetterH
59%
AnswerHungary
59%

Score Distribution

Percentile by Number Answered

Percent of People with Each Score

Your Score History

You have not taken this quiz